[Event "Eje Cafetero Region 3rd"]
[Site "Eje Cafetero"]
[Date "2009.03.21"]
[Round "2.27"]
[White "Vanegas, Josue"]
[Black "Morales, Jhon David"]
[Result "1-0"]
[WhiteElo "1625"]
[BlackElo "1600"]
[PlyCount "28"]
[EventDate "2009.03.21"]
[EventType "swiss"]
[EventRounds "7"]
[EventCountry "COL"]
[SourceTitle "EXT 2024"]
[Source "ChessBase"]
[SourceDate "2023.10.10"]
[SourceVersion "1"]
[SourceVersionDate "2023.10.10"]
[SourceQuality "1"]

1. Nf3 e6 2. g3 b6 3. Bg2 c6 4. 0-0 Bc5 5. d4 Bb4 6. c3 Bd6 7. e4 Nf6 8. e5 Bc7 9. exf6 gxf6 10. Bh6 Ba6 11. Re1 Qe7 12. Nbd2 Qd6 13. Bf4 e5 14. dxe5 Qc5 1-0